Logo BPK

Biblioteka

Politechniki Koszalińskiej

Systemy mikroprocesorowe w automatyce napędu elektrycznego / (Rekord nr 3923)

Szczegóły MARC
000 -ETYKIETA REKORDU
podpole kontrolne o stałej długości 00394nam a2200145 i 4500
001 - NUMER KONTROLNY REKORDU
pole kontrolne bg
040 ## - ŹRÓDŁO KATALOGOWANIA
Instytucja, która utworzyła rekord BPK
041 ## - KOD JĘZYKA
Kod języka tekstu pol
008 - POLE O STAŁEJ DŁUGOŚCI - DANE KONTROLNE
podpole kontrolne o stałej długości s pl f |000 0 pol
100 1# - NAZWA OSOBOWA
Nazwa osobowa Hejmo, Władysław
Daty związane z nazwą (1929- ).
245 #0 - TYTUŁ/ODPOWIEDZIALNOŚĆ
Tytuł Systemy mikroprocesorowe w automatyce napędu elektrycznego /
Pozostałe elementy strefy tytułu i oznaczenia odpowiedzialności W. Hejmo, R. Kozioł.
260 ## - STREFA ADRESU WYDAWNICZEGO
Miejsce wydania Warszawa,
Data publikacji, dystrybucji/powstania dokumentu 1989.
700 1# - HASŁO DODATKOWE - NAZWA OSOBOWA
Nazwa osobowa Kozioł, Ryszard.
856 ## - LOKALIZACJA I DOSTĘP DO ELEKTRONICZNYCH DOKUMENTÓW ZDALNYCH
Link (URL) http://koha.tu.koszalin.pl/cgi-bin/koha/opac-detail.pl?biblionumber=3923
Tekst linku Katalog online BPK
942 ## - DODATKOWE ELEMENTY (KOHA)
Typ dokumentu Książka
Egzemplarze
Wycofany Status egzemplarza Uszkodzony Dostępność Lokalizacja stała Lokalizacja bieżąca Numer ubytku Sygnatura Kod kreskowy Typ dokumentu Miejsce przechowywania
  Egz. niedostępny   Niedostępny Biblioteka Politechniki Koszalińskiej Biblioteka Politechniki Koszalińskiej p35414 P 39096 01167450 Książka  
      Dostępny Biblioteka Politechniki Koszalińskiej Biblioteka Politechniki Koszalińskiej   P 39097 01886436 Książka Wypożyczalnia BG
      Dostępny Biblioteka Politechniki Koszalińskiej Biblioteka Politechniki Koszalińskiej   P 39098 02004808 Książka Wypożyczalnia BG
      Dostępny Biblioteka Politechniki Koszalińskiej Biblioteka Politechniki Koszalińskiej   P 39099 02004815 Książka Wypożyczalnia BG
  Egz. niedostępny   Niedostępny Biblioteka Politechniki Koszalińskiej Biblioteka Politechniki Koszalińskiej p35415 P 39100 02004822 Książka  
© 2023 Biblioteka Politechniki Koszalińskiej :: KOHA